Nazioni attraversate dal Tropico del Cancro - Statistics

Statistiche generali
  • Questo quiz è stato fatto 113 volte
  • Il punteggio medio è 12 su 17
Statistiche sulle risposte
Paesi % Corretto
India
97%
Algeria
93%
Egitto
92%
Marocco / Sahara Occidentale
90%
Messico
89%
Arabia Saudita
87%
Libia
86%
Cina
83%
Mali
63%
Oman
63%
Mauritania
61%
Niger
56%
Bangladesh
54%
Emirati Arabi Uniti
52%
Taiwan
43%
Myanmar
42%
Bahamas
34%
Nessun quiz corrispondente trovato
Distribuzione punteggi
Percentuale di utenti per punteggio
Percentile per numero di risposta
I tuoi punteggi nel tempo
Non hai fatto questo quiz